| 000 | 00527nam a22001577a 4500 | ||
|---|---|---|---|
| 005 | 20120214105859.0 | ||
| 020 |
_a8120317920 _c595.00 |
||
| 035 | _aB-41313 | ||
| 037 | _adpl | ||
| 100 |
_aDeploying _941875 |
||
| 245 |
_aMicrosoft SQL Server7.0 Notesfor the field / _cDeploying |
||
| 260 |
_aNew Delhi _bPrentice Hall of India _c1999 |
||
| 300 |
_aXXII 570p. _c22 cms. |
||
| 942 |
_2ddc _cEN _h005.754 _mDEP |
||
| 999 |
_c62702 _d62702 |
||